[Event "TCh-NED 2005-6"]
[Site "Netherlands NED"]
[Date "2005.12.17"]
[Round "5"]
[White "Nikolic,Pr"]
[Black "Werle,J"]
[Result "1-0"]
[WhiteElo "2584"]
[BlackElo "2509"]

1.Nf3 Nf6 2.c4 b6 3.g3 Bb7 4.d4 e6 5.Bg2 Be7 6.O-O O-O 7.Nc3 Ne4 8.Qc2 Nxc3
9.Qxc3 f5 10.h4 Bf6 11.Bg5 d6 12.Qe3 Re8 13.d5 e5 14.Bxf6 Qxf6 15.Ng5 Nd7
16.Ne6 Rac8 17.f4 c6 18.fxe5 Nxe5 19.b3 cxd5 20.cxd5 Ng4 21.Qf4 Rxe6 22.dxe6 Bxg2
23.Kxg2 Qxe6 24.Rac1 Rxc1 25.Rxc1 Qxe2+ 26.Kg1 Qh2+ 27.Kf1 Qh3+ 28.Ke2 Qg2+
29.Ke1 Qh1+ 30.Qf1 Qe4+ 31.Qe2 Qh1+ 32.Kd2 Qd5+ 33.Kc2 Ne5 34.Rd1 Qc5+ 35.Kb2 Kf7
36.Qh5+ Ke6 37.Qe8+ Kf6 38.Kb1 Nf7 39.g4 g6 40.Qf8 f4  1-0

[Event "Bundesliga 2005-6"]
[Site "Kirchheim GER"]
[Date "2006.01.28"]
[Round "8"]
[White "Vallejo Pons,F"]
[Black "Nikolic,Pr"]
[Result "1/2-1/2"]
[WhiteElo "2650"]
[BlackElo "2596"]

1.Nf3 Nf6 2.d4 e6 3.c4 Bb4+ 4.Nbd2 b6 5.a3 Bxd2+ 6.Qxd2 O-O 7.e3 Bb7 8.Be2 d6
9.O-O Nbd7 10.b3 Qe7 11.Bb2 c5 12.Rfd1 Rfd8 13.b4 d5 14.Qe1 dxc4 15.Bxc4 Ne4
16.Bf1 cxd4 17.Nxd4 Nd6 18.Rac1 Ne5 19.b5 Rac8 20.Qb4 f6 21.Rxc8 Nxc8 22.Rc1 Qd7
23.Qc3 Ne7 24.Qb3 Bd5 25.Qa4 Rc8 26.Rd1 Nc4 27.Ba1 Nd6 28.Qb4 e5 29.Nf3 Rc5
30.Ne1 Qe6 31.f3 Nec8 32.a4 Bb3 33.Rb1  1/2-1/2

[Event "Bundesliga 2005-6"]
[Site "Kirchheim GER"]
[Date "2006.01.29"]
[Round "9"]
[White "Nikolic,Pr"]
[Black "Bokros,A"]
[Result "1-0"]
[WhiteElo "2596"]
[BlackElo "2426"]

1.d4 Nf6 2.c4 e6 3.Nf3 d5 4.Nc3 Bb4 5.Bg5 h6 6.Bxf6 Qxf6 7.e3 O-O 8.Rc1 c5
9.cxd5 cxd4 10.Qxd4 Qxd4 11.Nxd4 exd5 12.a3 Bxc3+ 13.Rxc3 Nd7 14.Kd2 Nf6
15.f3 Bd7 16.Bb5 Bxb5 17.Nxb5 Rfd8 18.Rhc1 a6 19.Nd4 g6 20.Rc7 Rab8 21.g4 Kf8
22.h4 h5 23.g5 Ne8 24.R7c5 Ke7 25.Kd3 Rd7 26.f4 Ng7 27.Rc8 Rxc8 28.Rxc8 Ne6
29.f5 Rc7 30.Rxc7+ Nxc7 31.Ne2 f6 32.Nf4 fxg5 33.hxg5 gxf5 34.Nxh5 Ne6 35.g6 Kf8
36.Nf4 Nc5+ 37.Kd4 Na4 38.b3  1-0

[Event "TCh-BEL 2005-6"]
[Site "Belgium BEL"]
[Date "2006.02.05"]
[Round "8"]
[White "Le Quang,K"]
[Black "Nikolic,Pr"]
[Result "1/2-1/2"]
[WhiteElo "2328"]
[BlackElo "2596"]

1.c4 e5 2.g3 Nc6 3.Bg2 g6 4.Nc3 Bg7 5.e4 d6 6.Nge2 f5 7.d3 Nf6 8.O-O O-O
9.Nd5 Be6 10.Bg5 Qd7 11.Qd2 Rf7 12.Rac1 Raf8 13.f3 Nh5 14.exf5 gxf5 15.f4 Nf6
16.Nxf6+ Bxf6 17.Bxf6 Rxf6 18.d4  1/2-1/2

[Event "Bundesliga 2005-6"]
[Site "Solingen GER"]
[Date "2006.02.19"]
[Round "11"]
[White "Borriss,M"]
[Black "Nikolic,Pr"]
[Result "1-0"]
[WhiteElo "2439"]
[BlackElo "2596"]

1.e4 e5 2.Nf3 Nc6 3.Bb5 a6 4.Ba4 Nf6 5.O-O Be7 6.Re1 b5 7.Bb3 d6 8.c3 Bg4
9.h3 Bh5 10.a4 O-O 11.d3 Qd7 12.Nbd2 Rfb8 13.g4 Bg6 14.Nh4 Na5 15.Bc2 c5
16.f4 exf4 17.Ndf3 b4 18.Bxf4 b3 19.Bb1 Rb6 20.d4 cxd4 21.Qxd4 Rc6 22.Nf5 Bf8
23.e5 dxe5 24.Nxe5 Qxd4+ 25.Nxd4 Rb6 26.Nxg6 hxg6 27.Bc7 Bc5 28.Re5 Bxd4+
29.cxd4 Rb4 30.Bxa5 Rxd4 31.g5 Re8 32.Rxe8+ Nxe8 33.Kf2 Rd1 34.Be1 Nd6 35.Ke2  1-0

[Event "Bundesliga 2005-6"]
[Site "Leipzig GER"]
[Date "2006.03.11"]
[Round "12"]
[White "Nikolic,Pr"]
[Black "Richter,Mic"]
[Result "1-0"]
[WhiteElo "2596"]
[BlackElo "2407"]

1.d4 Nf6 2.c4 e6 3.Nf3 b6 4.g3 Bb7 5.Bg2 Be7 6.Nc3 Ne4 7.Qc2 Nxc3 8.Qxc3 O-O
9.O-O c5 10.b3 Bf6 11.Bb2 Nc6 12.Qe3 Qe7 13.Rfd1 Rad8 14.Rab1 d6 15.d5 exd5
16.Qxe7 Bxe7 17.cxd5 Nb8 18.Nd2 Nd7 19.e4 Ba6 20.Nc4 Bxc4 21.bxc4 Bf6 22.Bxf6 Nxf6
23.Rd2 Rfe8 24.f3 g5 25.Re1 Nd7 26.f4 gxf4 27.gxf4 f5 28.Rde2 fxe4 29.Rxe4 Rxe4
30.Rxe4 Nf8 31.Kf2 Kf7 32.Bf3 Kf6 33.Kg3 Rb8 34.a4 Rd8 35.Bg4 Rb8 36.Re3 Rd8
37.f5 Rb8 38.Kf4 Rd8 39.Bd1 Rb8 40.Bh5 Rd8 41.Be8 Rb8 42.Bc6 Rc8 43.h4 Rb8
44.Rb3 Rd8 45.a5 Rb8 46.Rb1 h6 47.Rb3 Kg7 48.Ra3 Kf6 49.axb6 axb6 50.Ra7 Rd8
51.Kg4 h5+ 52.Kxh5 Kxf5 53.Rf7+  1-0

[Event "Bundesliga 2005-6"]
[Site "Leipzig GER"]
[Date "2006.03.12"]
[Round "13"]
[White "Vogt,L"]
[Black "Nikolic,Pr"]
[Result "1/2-1/2"]
[WhiteElo "2475"]
[BlackElo "2596"]

1.e4 e5 2.Nf3 Nc6 3.Bb5 a6 4.Ba4 Nf6 5.O-O Be7 6.Bxc6 dxc6 7.d3 Nd7 8.Nbd2 O-O
9.b3 c5 10.Bb2 Bf6 11.Nc4 Re8 12.a4 b6 13.Kh1 g6 14.Ng1 Nb8 15.Ne2 Nc6 16.f4 Bg4
17.Nxe5  1/2-1/2

[Event "TCh-NED 2005-6"]
[Site "Netherlands NED"]
[Date "2006.03.25"]
[Round "8"]
[White "Van den Doel,E"]
[Black "Nikolic,Pr"]
[Result "1/2-1/2"]
[WhiteElo "2571"]
[BlackElo "2596"]

1.e4 e5 2.Nf3 Nc6 3.Bb5 a6 4.Ba4 Nf6 5.O-O Be7 6.Re1 b5 7.Bb3 d6 8.c3 O-O
9.h3 Re8 10.d4 Bb7 11.Nbd2 Bf8 12.d5 Nb8 13.Nf1 Nbd7 14.N3h2 Nc5 15.Bc2 a5
16.Ng4 c6 17.Bg5 Be7 18.Bxf6 Bxf6 19.b4 axb4 20.cxb4 Na6 21.dxc6 Bxc6 22.a3 Bg5
23.Nfe3 Nc7 24.Nf5 h5 25.Nh2 g6 26.Ne3 Bxe3 27.Rxe3 d5 28.Rc3 Ra6 29.Nf3 Qf6
30.Qe1 Kg7 31.Bd3 Qd6 32.Rac1 d4 33.R3c2 Rb6 34.Rc5 f6 35.Nd2 Ra8 36.Bxb5 Bxb5
37.Rxc7+ Kf8 38.Rh7 Rd8 39.a4 Kg8 40.Ra7 Ra6 41.Rxa6 Bxa6 42.b5 Bc8 43.Nc4 Qe7
44.a5 Be6 45.Nb6 Qa3 46.a6 d3 47.Qd2 Rd6 48.Nc4 Bxc4 49.Rxc4 Kf7 50.Rc7+ Ke6
51.a7 Rd7 52.Rc6+ Rd6 53.Qc1 Qxa7 54.Qc4+ Ke7 55.Rxd6 Kxd6 56.Qxd3+ Qd4 57.Qb1 Qb6
58.Qb3 Kc5 59.h4 Qxb5 60.Qd5+ Kb4 61.Qd6+ Kc4 62.Kh2 Qb7 63.f3 Qg7 64.Kg3 g5
65.hxg5 Qxg5+ 66.Kf2  1/2-1/2

[Event "Bundesliga 2005-6"]
[Site "Muelheim GER"]
[Date "2006.04.01"]
[Round "14"]
[White "Erenburg,S"]
[Black "Nikolic,Pr"]
[Result "1/2-1/2"]
[WhiteElo "2573"]
[BlackElo "2596"]

1.e4 e5 2.Nf3 Nc6 3.Bb5 a6 4.Ba4 Nf6 5.O-O Be7 6.Re1 b5 7.Bb3 d6 8.c3 O-O
9.h3 Re8 10.Ng5 Rf8 11.Nf3 Re8 12.d4 Bb7 13.Ng5 Rf8 14.Nf3 Re8 15.Nbd2 Bf8
16.a3 g6 17.Ba2 Bg7 18.d5 Ne7 19.Nf1 h6 20.Ng3 c6 21.dxc6 Bxc6 22.Nh2 d5
23.Ng4 Nxg4 24.Qxg4 Qc8 25.Qh4 dxe4 26.Bxh6 Nf5 27.Nxf5 Qxf5 28.Bg5 Ra7 29.Rad1 Rd7
30.Rxd7 Qxd7 31.Bb1 Re6 32.Bxe4 Bxe4 33.Qxe4 Rd6 34.Qa8+ Bf8 35.f4 Rd1 36.Rxd1 Qxd1+
37.Kh2 Qd6 38.Bh6 exf4 39.Bxf8 Qxf8 40.Qxf8+ Kxf8 41.h4 Ke7 42.Kg1 Ke6 43.Kf2 Ke5
44.Kf3 a5 45.b3 a4 46.bxa4 bxa4 47.c4 f6 48.c5 Kd5 49.Kxf4 Kxc5 50.Ke4 Kd6
51.g4 Ke6 52.Kf4 Kf7 53.Ke3 f5 54.gxf5 gxf5 55.h5 Kg7 56.Kf4 Kf6 57.h6 Kg6
58.Ke5 Kxh6 59.Kxf5 Kg7 60.Ke5  1/2-1/2

[Event "7th ch-Euro"]
[Site "Kusadasi TUR"]
[Date "2006.04.04"]
[Round "1"]
[White "Saric,A"]
[Black "Nikolic,Pr"]
[Result "0-1"]
[WhiteElo "2455"]
[BlackElo "2596"]

1.d4 Nf6 2.c4 e6 3.Nf3 b6 4.g3 Ba6 5.b3 Bb7 6.Bg2 Bb4+ 7.Bd2 a5 8.O-O O-O
9.Nc3 Ne4 10.Nxe4 Bxe4 11.a3 Bxd2 12.Qxd2 d6 13.Qf4 Bb7 14.e4 Nd7 15.Qe3 Qe7
16.Nd2 c5 17.d5 exd5 18.cxd5 Ba6 19.Rfe1 Ne5 20.Qc3 g5 21.Nf3 f6 22.Bh3 Bc8
23.Bxc8 Raxc8 24.Nd2 f5 25.f4 gxf4 26.gxf4 Qg7+ 27.Kh1 Ng6 28.Qxg7+ Kxg7
29.Nc4 fxe4 30.f5 Nh4 31.Nxd6 Rcd8 32.Rxe4 Rxd6 33.Rg1+ Ng6 34.fxg6 hxg6
35.Re7+ Rf7 36.Rxf7+ Kxf7 37.Rg5 Rf6 38.Kg2 a4 39.bxa4 Ke7 40.h4 Kd6 41.Kg3 c4
42.Kg2 Kc5 43.d6+ Kxd6 44.a5 bxa5 45.Rxa5 c3 46.Ra8 Kd5 47.Re8 c2 48.Re1 Kd4  0-1

[Event "7th ch-Euro"]
[Site "Kusadasi TUR"]
[Date "2006.04.05"]
[Round "2"]
[White "Nikolic,Pr"]
[Black "Turov,M"]
[Result "1/2-1/2"]
[WhiteElo "2596"]
[BlackElo "2539"]

1.d4 Nf6 2.Nf3 e6 3.c4 Bb4+ 4.Bd2 a5 5.g3 O-O 6.Bg2 b6 7.O-O Ba6 8.Ne5 Ra7
9.Bxb4 axb4 10.Qa4 c5 11.a3 bxa3 12.Nxa3 Rc7 13.dxc5 bxc5 14.Rfd1 Qe7 15.b4 d6
16.Nd3 cxb4 17.Nxb4 Bc8 18.Nb5 Rxc4 19.Nxd6 Rc7 20.Qb5 Nfd7 21.Ra8 Rc5 22.Qd3 Rc7
23.Qd4 h6 24.h4 Qf6 25.Qxf6 gxf6 26.f4 f5 27.Kf2 Kg7 28.Rb1 Rd8 29.Bf3 Nb6
30.Nxf7 Kxf7 31.Rxb8 Rd6 32.Bh5+ Kg7 33.Nd3 Nd7 34.Ra8 Nf6 35.Bf3 Ra6 36.Rbb8 Rxa8
37.Rxa8 Bd7 38.Ne5 Bb5 39.Rb8 Bc4 40.Rb6 Ba2 41.Ra6 Bb3 42.Bc6 Bd5 43.Bxd5 exd5
44.Nc6 Kg6 45.Nb4 Rc5 46.Nd3 Rc7 47.Ke3 Kg7 48.Kd4 Re7 49.Ne5 Rc7 50.Nc6 Ne4
51.Kxd5 Nxg3 52.Nd4 Rc3 53.h5 Re3 54.Rg6+ Kh7 55.Re6 Ra3 56.Re7+ Kh8 57.e3 Kg8
58.Re5 Kf7 59.Nc6 Rd3+ 60.Kc4 Ra3 61.Ne7 Nxh5 62.Nxf5 Nxf4 63.exf4 Ra4+ 64.Kd5 Rxf4
65.Nxh6+ Kg6 66.Ng8 Kf7 67.Ne7 Rb4 68.Re1 Rb2 69.Kd6 Rd2+ 70.Nd5 Rf2 71.Ke5 Ra2
72.Rb1 Re2+ 73.Kd6 Rd2 74.Rf1+ Kg6 75.Ke5 Re2+ 76.Kf4 Ra2 77.Rg1+ Kf7 78.Kf5 Ra5
79.Ke5 Ra2 80.Rf1+ Kg7 81.Nc7 Re2+ 82.Kd6 Rd2+ 83.Ke7 Kg6 84.Ne6 Re2 85.Kd6 Ra2
86.Nd4 Ra6+ 87.Ke5 Ra5+ 88.Ke4 Ra4 89.Rg1+  1/2-1/2

[Event "7th ch-Euro"]
[Site "Kusadasi TUR"]
[Date "2006.04.06"]
[Round "3"]
[White "Godena,M"]
[Black "Nikolic,Pr"]
[Result "1/2-1/2"]
[WhiteElo "2505"]
[BlackElo "2596"]

1.e4 e5 2.Nf3 Nc6 3.Bb5 a6 4.Ba4 Nf6 5.O-O Be7 6.Bxc6 dxc6 7.d3 Nd7 8.b3 f6
9.Bb2 Nf8 10.Nh4 g6 11.Nc3 Ne6 12.Ne2 O-O 13.Nf3 c5 14.Nd2 Nd4 15.h3 Be6
16.c3 Nc6 17.Nf3 Qd7 18.d4 cxd4 19.cxd4 Nxd4 20.Nexd4 exd4 21.Nxd4 Bf7 22.Nf5 Qe6
23.Nxe7+ Qxe7 24.Qf3 Be6 25.e5 fxe5 26.Qxb7 Qg5 27.Rae1 Rab8 28.Qe4 Rbe8
29.Qxe5 Qxe5 30.Rxe5 Bf5 31.Rc1 Rc8 32.Rec5 Rfd8 33.Be5 Rd2 34.Rxc7 Rxc7
35.Rxc7 Re2 36.Bf6 h5 37.a4 Re1+ 38.Kh2 Rb1 39.Rg7+ Kf8 40.Ra7 Rxb3 41.Rxa6 Kf7
42.Bg5 Rb2 43.Kg3 Ra2 44.a5 Bd3 45.Ra7+ Ke6 46.Bd8 Bf1 47.Re7+ Kd5 48.Re1 Ra3+
49.f3 Bd3 50.Re3 Kc4 51.Kf4 Kc3 52.Kg5 Kd2 53.Re5 Bf1 54.Kxg6 Bxg2 55.Kxh5 Bxf3+
56.Kg6 Kd3 57.h4 Kc4 58.h5 Rd3 59.Bf6 Rd5 60.Rxd5 Bxd5 61.Kf5 Kb5 62.h6 Ba2
63.Ke4  1/2-1/2

[Event "7th ch-Euro"]
[Site "Kusadasi TUR"]
[Date "2006.04.08"]
[Round "5"]
[White "Kotanjian,T"]
[Black "Nikolic,Pr"]
[Result "0-1"]
[WhiteElo "2471"]
[BlackElo "2596"]

1.d4 f5 2.c4 Nf6 3.Nc3 e6 4.a3 d6 5.Nf3 g6 6.g3 Bg7 7.Bg2 O-O 8.O-O Qe7 9.Re1 Ne4
10.Qd3 Nxc3 11.bxc3 e5 12.e4 Nc6 13.c5 exd4 14.cxd6 cxd6 15.cxd4 fxe4 16.Rxe4 Qf7
17.Be3 h6 18.Rc1 Bf5 19.Nh4 d5 20.f3 Rad8 21.Rf1 Nxd4 22.Bxd4 dxe4 23.fxe4 Rxd4  0-1

[Event "7th ch-Euro"]
[Site "Kusadasi TUR"]
[Date "2006.04.10"]
[Round "7"]
[White "Fressinet,L"]
[Black "Nikolic,Pr"]
[Result "1/2-1/2"]
[WhiteElo "2625"]
[BlackElo "2596"]

1.e4 e6 2.d4 d5 3.e5 c5 4.c3 Nc6 5.Nf3 Bd7 6.Be2 Nge7 7.Na3 cxd4 8.cxd4 Nf5
9.Nc2 Nb4 10.O-O Nxc2 11.Qxc2 Qb6 12.Qd3 h5 13.Bg5 Be7 14.Bxe7 Nxe7 15.Rfc1 Rc8
16.Rxc8+ Bxc8 17.Qd2 Bd7 18.Rc1 Nf5 19.Bd3 O-O 20.h3 Nh6 21.b3 Bb5 22.Bb1 Qd8
23.Ng5 Re8 24.Rc3 h4 25.Qf4 Qa5 26.Rc1 Rf8 27.Nh7 Ra8 28.Qg5 Be2 29.Qe3 Ba6
30.Nf6+ Kh8 31.Qg5 Be2 32.Qe3 Qa3 33.Kh2 Qb2 34.Re1 Rc8 35.Qg5 Bf3 36.Qxh4 Qd2
37.Re3 Bd1 38.Nh7 Bc2 39.Ng5 Kg8 40.Nf3 Qc1 41.Re1  1/2-1/2

[Event "7th ch-Euro"]
[Site "Kusadasi TUR"]
[Date "2006.04.12"]
[Round "8"]
[White "Nikolic,Pr"]
[Black "Kozul,Z"]
[Result "0-1"]
[WhiteElo "2596"]
[BlackElo "2600"]

1.d4 Nf6 2.Nf3 g6 3.g3 d5 4.Bg2 c6 5.O-O Bg7 6.b3 O-O 7.Bb2 Qb6 8.Nbd2 Bg4
9.c4 Nbd7 10.Rc1 Rfe8 11.h3 Bxf3 12.Nxf3 e6 13.e3 Ne4 14.Qc2 f5 15.Rfd1 h5
16.Qe2 a6 17.Ne1 Qd8 18.Nd3 Qg5 19.Kh2 Bf8 20.h4 Qh6 21.f3 Nef6 22.e4 dxe4
23.fxe4 Ng4+ 24.Kh1 e5 25.dxe5 Bg7 26.e6 Rxe6 27.Nf4 Re7 28.Rd6 Nf8 29.Bf3 Rae8
30.c5 Bxb2 31.Qxb2 Ne6 32.Nxe6 Rxe6 33.Rcd1 Qe3 34.Rf1 Qxc5 35.Rxe6 Rxe6
36.Bxg4 hxg4 37.exf5 gxf5 38.Qd2 Qe3 39.Qd7 Rf6 40.Kg2 Qe4+ 41.Kg1 Qe5 42.Kg2 Rf7
43.Qd2 Kh7 44.Re1 Qf6 45.Qd3 Kg7 46.Qe3 Rd7 47.Re2 Kg6 48.Qe8+ Qf7 49.Qh8 Re7
50.Rd2 Qe6 51.Kh2 Rd7 52.Rxd7 Qxd7 53.Qg8+ Qg7 54.Qe8+ Qf7 55.Qb8 Qe6 56.Qf4 c5
57.Qg5+ Kf7 58.Qd2 b5 59.Kg1 c4 60.bxc4 bxc4 61.Kf1 Qc6  0-1

[Event "7th ch-Euro"]
[Site "Kusadasi TUR"]
[Date "2006.04.14"]
[Round "10"]
[White "Nikolic,Pr"]
[Black "Georgiev,Ki"]
[Result "1/2-1/2"]
[WhiteElo "2596"]
[BlackElo "2645"]

1.d4 Nf6 2.c4 e6 3.Nf3 d5 4.Nc3 Be7 5.Bg5 h6 6.Bh4 O-O 7.e3 b6 8.Be2 Bb7
9.Bxf6 Bxf6 10.cxd5 exd5 11.O-O Qe7 12.Qb3 Rd8 13.Rad1 c5  1/2-1/2

[Event "7th ch-Euro"]
[Site "Kusadasi TUR"]
[Date "2006.04.15"]
[Round "11"]
[White "Inarkiev,E"]
[Black "Nikolic,Pr"]
[Result "1/2-1/2"]
[WhiteElo "2597"]
[BlackElo "2596"]

1.d4 d5 2.c4 c6 3.Nf3 Nf6 4.e3 Bf5 5.Nc3 e6 6.Be2 Nbd7 7.Nh4 Bg6 8.Bd2 Be7
9.Nxg6 hxg6 10.Qc2 Qc7  1/2-1/2

[Event "7th ch-Euro t/b"]
[Site "Kusadasi TUR"]
[Date "2006.04.16"]
[Round "2.2"]
[White "Baramidze,D"]
[Black "Nikolic,Pr"]
[Result "0-1"]
[WhiteElo "2545"]
[BlackElo "2596"]

1.e4 e5 2.Nf3 Nc6 3.Bb5 a6 4.Ba4 Nf6 5.O-O Be7 6.Re1 b5 7.Bb3 d6 8.c3 O-O
9.h3 Re8 10.d3 h6 11.Nbd2 Bf8 12.Nf1 Be6 13.Bc2 d5 14.Qe2 dxe4 15.dxe4 Bc4
16.Qe3 Nd7 17.N3h2 Qh4 18.Ng3 Rad8 19.b3 Be6 20.a3 Na5 21.Rb1 c5 22.Qf3 b4
23.axb4 cxb4 24.Qe2 bxc3 25.Qxa6 Ra8 26.Qe2 Nc6 27.Nf3 Qd8 28.Bd3 Qb6 29.Bc4 Nd4
30.Nxd4 exd4 31.Bf4 Nc5 32.b4 Na4 33.Bxe6 Rxe6 34.Nf5 Nb2 35.Qg4 Rg6 36.Qf3 Re8
37.e5 d3 38.Re4 Qe6 39.Nh4 Qa2 40.Rf1 Rge6 41.Nf5 d2 42.Nd4 Rb6  0-1

[Event "7th ch-Euro t/b"]
[Site "Kusadasi TUR"]
[Date "2006.04.16"]
[Round "3.2"]
[White "Belov,Vl"]
[Black "Nikolic,Pr"]
[Result "0-1"]
[WhiteElo "2599"]
[BlackElo "2596"]

1.e4 e5 2.Nf3 Nc6 3.Bb5 a6 4.Ba4 Nf6 5.O-O Be7 6.Re1 b5 7.Bb3 d6 8.c3 O-O
9.d4 Bg4 10.d5 Na5 11.Bc2 c6 12.h3 Bxf3 13.Qxf3 cxd5 14.exd5 Nc4 15.Nd2 Nb6
16.Nf1 Qc7 17.Ng3 g6 18.Rd1 Rfb8 19.Bh6 Qd8 20.h4 Ne8 21.h5 Ng7 22.hxg6 hxg6
23.Kh2 Bg5 24.Bxg5 Qxg5 25.Ne4 Qh4+ 26.Kg1 f5 27.Nd2 Nd7 28.g3 Qh3 29.Qg2 Qxg2+
30.Kxg2 Kf7 31.Rh1 Nf6 32.a4 b4 33.Nc4 bxc3 34.bxc3 Nge8 35.a5 Nxd5 36.Rad1 Nxc3
37.Nxd6+ Kg7 38.Nxe8+ Rxe8 39.Rd7+ Kf6 40.Rhh7 Rad8 41.Bd3 Rxd7 42.Rxd7 e4
43.Bxa6 Re5 44.Rd6+ Kg7 45.Rc6 Na4 46.Rc7+ Kh6 47.Bc4 Rxa5 48.Bb3 Nb2 49.Rc6 Nd3
50.Bc2 Ne5 51.Rc3 Ra1 52.Rb3 Rc1 53.Rb2 Kg5 54.Ba4 Kg4 55.Rb6 g5 56.Rd6 f4
57.gxf4 gxf4 58.Rd5 f3+ 59.Kh2 Kf4 60.Bd7 Rf1 61.Kh3 Rh1+  0-1

[Event "Bundesliga 2006-7"]
[Site "Baden Baden GER"]
[Date "2006.10.28"]
[Round "1"]
[White "Svidler,P"]
[Black "Nikolic,Pr"]
[Result "1/2-1/2"]
[WhiteElo "2765"]
[BlackElo "2596"]

1.e4 e5 2.Nf3 Nc6 3.Bb5 a6 4.Ba4 Nf6 5.O-O Be7 6.Re1 b5 7.Bb3 d6 8.c3 O-O
9.h3 Re8 10.d4 Bb7 11.Nbd2 Bf8 12.a4 Qd7 13.axb5 axb5 14.Rxa8 Bxa8 15.d5 Nb8
16.Nf1 h6 17.N3h2 Qc8 18.Qf3 Nbd7 19.Ne3 Nc5 20.Bc2 c6 21.Nf5 cxd5 22.Nxh6+ gxh6
23.Qxf6 dxe4 24.Ng4 Qe6 25.Bxh6 Bxh6 26.Nxh6+ Kf8 27.Qh8+ Ke7 28.Ng8+ Kd8
29.Qh4+ Kc7 30.Nf6 Rd8 31.Nxe4 Qc4 32.Qh7 Bxe4 33.Bxe4 b4 34.Bf3 bxc3 35.Rc1 Rb8
36.Rxc3 Qe6 37.Qc2 Kd8 38.Bg4 Qd5 39.Qf5 Rxb2 40.Rf3 Kc7 41.Qc8+ Kb6 42.Qd8+ Kb5
43.Qe8+ Kc4 44.Rxf7 e4 45.Rf5 Qd2 46.Kh2 Qd4 47.Qf7+ Kc3 48.Bh5 Nd3 49.Qc7+ Kd2
50.Qa5+ Qb4 51.Qa7 Qb6 52.Qe7 Qd4 53.Ra5 Nxf2 54.Qg5+ Qe3 55.Qf6  1/2-1/2

[Event "Bundesliga 2006-7"]
[Site "Baden Baden GER"]
[Date "2006.10.29"]
[Round "2"]
[White "Nikolic,Pr"]
[Black "Stocek,J"]
[Result "1-0"]
[WhiteElo "2596"]
[BlackElo "2580"]

1.d4 Nf6 2.c4 e6 3.Nf3 Bb4+ 4.Bd2 a5 5.g3 d6 6.Bg2 Nbd7 7.O-O e5 8.Qc2 O-O
9.Nc3 Re8 10.e4 c6 11.Rad1 exd4 12.Nxd4 Ne5 13.Nce2 h6 14.h3 Bxd2 15.Rxd2 Qb6
16.Rfd1 a4 17.b3 axb3 18.axb3 Qc5 19.Nc3 Ng6 20.Nf5 Bxf5 21.exf5 Ne7 22.g4 Rad8
23.Rd4 Rd7 24.Qd2 d5 25.h4 Red8 26.Qe3 Qa3 27.cxd5 Nexd5 28.Nxd5 Nxd5 29.Bxd5 Rxd5
30.Rxd5 cxd5 31.Rd4 Qd6 32.g5 h5 33.Kg2 Kf8 34.Qf3 Qe5 35.Rd3 d4 36.Qxb7 Qxf5
37.Qb4+ Kg8 38.Rxd4 Re8 39.Qc4 Rc8 40.Qe2 g6 41.Qe3 f6 42.Qe7 fxg5 43.Rd8+ Rxd8
44.Qxd8+ Kh7 45.Qxg5 Qe4+ 46.Kh2 Kg7 47.Kg3 Qe1 48.Qd5 Qg1+ 49.Qg2 Qe1 50.Qb7+ Kh6
51.Kg2 Qe6 52.Qf3 Kh7 53.Kf1 Qa6+ 54.Qe2 Qa1+ 55.Kg2 Qf6 56.Qe4 Kg7 57.b4 Qb6
58.Qe5+ Kf7 59.Qd5+ Kg7 60.b5 Qf6 61.Qe4 Qd6 62.Qb7+ Kh6 63.Qf3 Qb4 64.Qf6 Kh7
65.b6 g5 66.Qf7+ Kh6 67.Qe6+  1-0

[Event "3rd Rapid Open"]
[Site "Ajaccio FRA"]
[Date "2006.10.31"]
[Round "7"]
[White "Nikolic,Pr"]
[Black "Sedlak,N"]
[Result "1/2-1/2"]
[WhiteElo "2626"]
[BlackElo "2549"]

1.d4 d5 2.c4 c6 3.Nf3 Nf6 4.e3 Bg4 5.b3 e6 6.Be2 Nbd7 7.O-O Bd6 8.Bb2 O-O
9.Nbd2 a5 10.Ne5 Bf5 11.f4 Ne4 12.Nxe4 Bxe4 13.Bd3 Nf6 14.Be2 Nd7 15.a4 Nxe5
16.fxe5 Bb4 17.Bd3 Qg5 18.Qe2 Bxd3 19.Qxd3 Qg6 20.Qe2 f6 21.exf6 Rxf6 22.Rxf6 Qxf6
23.Ba3 Bxa3 24.Rxa3 Rf8 25.Ra1 Qg6 26.Rd1 Qe4 27.Qd3 Qh4 28.Qd2 Qe4 29.h3 h6
30.Qd3 Qh4 31.Rf1 Rxf1+ 32.Kxf1 Qg3 33.Qd2 Kh7 34.Kg1 Qg6 35.Kh2 Qb1 36.Qc3 Kg6
37.cxd5 exd5 38.Qxa5 Qxb3 39.Qc7 Qxe3 40.Qxb7 Qf4+ 41.Kh1 Qf1+ 42.Kh2  1/2-1/2

[Event "3rd Rapid Open"]
[Site "Ajaccio FRA"]
[Date "2006.10.31"]
[Round "8"]
[White "Malaniuk,V"]
[Black "Nikolic,Pr"]
[Result "1-0"]
[WhiteElo "2534"]
[BlackElo "2626"]

1.d4 d5 2.c4 c6 3.e3 Nf6 4.Nf3 Bf5 5.Nc3 e6 6.Bd3 Bg6 7.O-O Nbd7 8.Qe2 Bb4
9.Bd2 a5 10.Rfd1 O-O 11.Be1 Re8 12.Rac1 Qb8 13.h3 Qa7 14.Bxg6 hxg6 15.b3 Qa6
16.Rc2 Bxc3 17.Bxc3 Ne4 18.Nd2 Nxc3 19.Rxc3 e5 20.dxe5 Nxe5 21.Qf1 Red8 22.f4 Nd7
23.cxd5 cxd5 24.Qxa6 Rxa6 25.Rc7 b5 26.Nf3 Nf6 27.Ne5 Rf8 28.g4 b4 29.g5 Ne8
30.Rc6 Rxc6 31.Nxc6 Nc7 32.Kf2 Ra8 33.Ne7+ Kf8 34.Nxd5 Nb5 35.Rc1 Ke8 36.Rc5 Rb8
37.Rxb5 Rd8 38.Rc5 Ra8  1-0

[Event "Bundesliga 2006-7"]
[Site "Wattenscheid GER"]
[Date "2006.11.17"]
[Round "7"]
[White "Rustemov,A"]
[Black "Nikolic,Pr"]
[Result "0-1"]
[WhiteElo "2552"]
[BlackElo "2626"]

1.d4 f5 2.g3 Nf6 3.Bg2 e6 4.c4 c6 5.Qc2 d5 6.Bf4 Be7 7.Nf3 O-O 8.Nbd2 Nh5
9.e3 Nd7 10.h4 Ndf6 11.Ne5 Bd7 12.O-O-O Be8 13.Kb1 h6 14.Bf3 Bd6 15.Nd3 Nxf4
16.exf4 Ne4 17.Be2 b6 18.Nf3 Rc8 19.Nfe5 c5 20.dxc5 bxc5 21.Rc1 Qa5 22.Ka1 Rb8
23.Bd1 Rb6 24.b3 d4 25.Rb1 Nc3 26.Rb2 Qa3 27.Bf3 a5 28.Re1 a4 29.Nc1 Bxe5
30.Rxe5 Bd7 31.Ne2 axb3 32.Rxb3 Rfb8 33.Rxb6 Rxb6 34.Nxc3 dxc3 35.Re3 Rb2  0-1

[Event "Bundesliga 2006-7"]
[Site "Wattenscheid GER"]
[Date "2006.11.18"]
[Round "3"]
[White "Nikolic,Pr"]
[Black "Balogh,C"]
[Result "1/2-1/2"]
[WhiteElo "2626"]
[BlackElo "2616"]

1.d4 Nf6 2.Nf3 e6 3.c4 b6 4.g3 Ba6 5.Nbd2 Bb4 6.Qc2 O-O 7.a3 Bxd2+ 8.Bxd2 Bb7
9.Bg2 Be4 10.Qa4 d6 11.O-O a5 12.Rac1 Qd7 13.Qd1 a4 14.Bg5 Qe7 15.Nd2 Bxg2
16.Kxg2 Nbd7 17.Ne4 Ra5 18.Qc2 e5 19.d5 h6 20.Bd2 Raa8 21.Nc3 Nc5 22.e4 Nb3
23.Rce1 Nxd2 24.Qxd2 Nd7 25.f4 Nc5 26.f5 f6 27.Qd1 Qf7 28.Re3 Rfb8 29.h4 Kf8
30.g4 Ke7 31.Rg3 Rh8 32.Rh1 Rag8 33.Kf2 Rh7 34.Ke3 Qe8 35.Nb5 Kd7 36.Qf3 Rgh8
37.Rgh3 Kc8 38.Nc3 Kb7 39.R1h2 Qa8 40.g5 hxg5 41.hxg5 Rxh3 42.Rxh3 fxg5 43.Qh1 Rxh3+
44.Qxh3 Qa6 45.Nb5 Qa5 46.Nc3 Nd7 47.Kd3 Nc5+ 48.Ke3 Qa6 49.Nb5 Qa5  1/2-1/2

[Event "Bundesliga 2006-7"]
[Site "Wattenscheid GER"]
[Date "2006.11.19"]
[Round "4"]
[White "Khenkin,I"]
[Black "Nikolic,Pr"]
[Result "1/2-1/2"]
[WhiteElo "2620"]
[BlackElo "2626"]

1.d4 d5 2.c4 c6 3.Nf3 Nf6 4.Qb3 e6 5.g3 b6 6.Nc3 Be7 7.Bg2 O-O 8.O-O Ba6
9.cxd5 cxd5 10.Ne5 Bb7 11.Rd1 Nc6 12.Bf4 Na5 13.Qa4 Rc8 14.Rac1 a6 15.b4 Nc4
16.Qb3 h6 17.a4 g5 18.Bd2 Nxe5 19.dxe5 Nd7 20.f4 b5 21.e4 bxa4 22.Qxa4 d4
23.Na2 Nb6 24.Qb3 Bc6  1/2-1/2

[Event "Bundesliga 2006-7"]
[Site "Solingen GER"]
[Date "2006.12.10"]
[Round "6"]
[White "Landa,K"]
[Black "Nikolic,Pr"]
[Result "1/2-1/2"]
[WhiteElo "2570"]
[BlackElo "2626"]

1.Nf3 d5 2.d4 Nf6 3.c4 c6 4.Qc2 g6 5.Bf4 Bg7 6.e3 O-O 7.Nc3 Na6 8.Be2 Bg4
9.Qb3 Qb6 10.Qxb6 axb6 11.cxd5 Nxd5 12.Nxd5 cxd5 13.a3 Rfe8 14.Bb5 Rec8 15.Kd2 Nc7
16.Bd3 Bxf3 17.gxf3 Ne6 18.Bg3 f5 19.f4 Kf7 20.Rhc1 Ke8 21.f3 Kd8 22.Be1 Bf6
23.Ke2 Rxc1 24.Rxc1 Rc8 25.Ra1 Nc7 26.Bb4 Na6 27.Bc3 Nb8 28.h4 Nc6 29.h5 Ke8
30.a4 e6 31.hxg6 hxg6 32.Bb5 Kf7 33.Rh1 Rh8 34.Rxh8 Bxh8 35.Bxc6 bxc6 36.Bb4 Bf6
37.Bd6 Bd8 38.b4 Ke8 39.Kd3 Kd7 40.Bf8 Kc8 41.Bd6 Kd7 42.Bf8 Kc8 43.Bd6  1/2-1/2

[Event "TCh-NED 2006-7"]
[Site "Netherlands NED"]
[Date "2006.12.16"]
[Round "4"]
[White "Nikolic,Pr"]
[Black "Wantola,I"]
[Result "1/2-1/2"]
[WhiteElo "2626"]
[BlackElo "2226"]

1.d4 Nf6 2.Nf3 e6 3.c4 Bb4+ 4.Bd2 Qe7 5.g3 Nc6 6.Nc3 Bxc3 7.Bxc3 Ne4 8.Rc1 O-O
9.Bg2 d6 10.O-O Nxc3 11.Rxc3 e5 12.d5 Nb8 13.Qc2 a5 14.c5 Na6 15.cxd6 cxd6
16.Nd2 Bg4 17.Nc4 Nb4 18.Qd2 Nxa2 19.Ra3 Nb4 20.Nxa5 Na6 21.h3 Bh5 22.Rfa1 Qd7
23.e4 Rfc8 24.Kh2 Bg6 25.h4 Qc7 26.Qe2 h5 27.Bf3 Qb6 28.Nxb7 Nc7 29.Na5 Nb5
30.Nc4 Qb7 31.Rxa8 Rxa8 32.Rxa8+ Qxa8 33.Bg2 Nd4 34.Qd2 Qa6 35.Qb4 Nc2 36.Qb8+ Kh7
37.Nxd6 Qe2 38.Qf8 f6 39.Nf7 Bxf7 40.Qxf7 Ne1 41.Qa7 Nxg2 42.Kxg2 Qxe4+ 43.Kh2 Qxd5
44.b4 f5 45.Qc5 Qe4 46.b5 f4 47.b6 fxg3+ 48.fxg3 Qe2+ 49.Kg1 Qe1+ 50.Kg2 Qd2+
51.Qf2 Qd5+ 52.Kh2 e4 53.Qb2 e3 54.Qb1+ g6 55.b7 Qd2+ 56.Kh3 Qd7+ 57.Kh2  1/2-1/2

[Event "Bundesliga 2006-7"]
[Site "Berlin GER"]
[Date "2007.02.04"]
[Round "9"]
[White "Nikolic,Pr"]
[Black "Navara,D"]
[Result "1-0"]
[WhiteElo "2626"]
[BlackElo "2719"]

1.d4 Nf6 2.Nf3 e6 3.c4 b6 4.g3 Ba6 5.Qa4 c5 6.Bg2 Bb7 7.O-O cxd4 8.Nxd4 Bxg2
9.Kxg2 Qc7 10.Rd1 a6 11.Nc3 Qb7+ 12.f3 Be7 13.Bg5 Nc6 14.Nxc6 Qxc6 15.Bxf6 Bxf6
16.Qxc6 dxc6 17.Ne4 Be5 18.f4 Bb8 19.c5 b5 20.a4 Ke7 21.axb5 cxb5 22.c6 Rd8
23.Nc5 Rd6 24.Rxd6 Kxd6 25.Nxa6 Kxc6 26.Nb4+ Kb7 27.Rxa8 Kxa8 28.Nc6 Bc7
29.Nd4 b4 30.Nc6 b3 31.Kf3 Kb7 32.Nd4 e5 33.Nxb3 exf4 34.gxf4 Kc6 35.Ke4 g6
36.Nd4+ Kc5 37.e3 Kc4 38.b3+ Kb4 39.h3 Bb6 40.Kd3 Bc7 41.Kc2 Bb6 42.Kb2 f6
43.Nc2+ Kc5 44.Kc3 g5 45.Kd3 h5 46.Ke4 g4 47.h4 Kb5 48.Kf5 g3 49.Ne1 Kb4
50.Kg6 Kc3 51.Kxh5 Kd2 52.Ng2 f5 53.Kg6 Ke2 54.h5 Kf2 55.h6 Kxg2 56.h7 Kf2
57.h8=Q g2 58.Qh2 Kf1 59.Kxf5 Bxe3 60.Qh3 Bb6 61.Kg4 Kf2 62.Qf3+  1-0